| 000 | 00000nam##2200000za#4500 |
| 001 | 9.599673 |
| 003 | CaOODSP |
| 005 | 20240501092931 |
| 007 | cr ||||||||||| |
| 008 | 150406|2004||||xxc|||||o f|0| 0 fre|d |
| 040 | |aCaOODSP|bfre |
| 043 | |an-cn--- |
| 086 | 1 |aPS83-3/144F-PDF |
| 110 | 2 |aService correctionnel Canada. |
| 245 | 10|aProfil de délinquants sous responsabilité fédérale, membres de minorités visibles, incarcérés et sous surveillance dans la collectivité / |h[ressource électronique]|c[par] Shelley Trevethan and Christopher J. Rastin. |
| 260 | |bService correctionnel Canada |cJuin 2004. |
| 300 | |a48p.|bgraphiques, références, tableaux |
| 490 | 1 |aRapport de recherche|vR-144 |
| 590 | |a10-14-Supp|b2010-12-03 |
| 720 | 1 |aTrevethan, Shelley |
| 720 | 1 |aRastin, Christopher J. |
| 775 | 08|tA profile of visible minority offenders in the federal Canadian correctional system / |w(CaOODSP)9.568385 |
| 830 | #0|aRapport de recherche (Service correctionnel Canada. Direction de la recherche)|vR-144|w(CaOODSP)9.502465 |
| 856 | 40|ahttp://publications.gc.ca|qPDF|s2 Mo|uhttps://publications.gc.ca/collections/collection_2010/scc-csc/PS83-3-144-fra.pdf|yR-144 |